1000 most common Latin Words 1/10 (Latin to English) - Statistics

General Stats
  • This quiz has been taken 1,009 times
    869 since last reset
  • The average score is 39 of 99
Answer Stats
Hint Answer % Correct
et and
98%
in in, on (+abl); into, onto (+acc)
77%
ego, meī, mihi, mē I, me
75%
nōn not
69%
cum With (prep. + abl); when, since, although (conjunction. + subj.)
69%
tū, tuī, tibi, tē You (sing.)
68%
homō, hominis (m.) human being, man
67%
pater, patris (m.) father, ancestor
66%
rēx, rēgis (m.) king
66%
corpus, corporis (n.) body
65%
prīmus, -a, -um first
65%
deus -ī (m.); dea -ae (f.) god; goddess
64%
nihil, nīl nothing, not at all
63%
quī quae quod who, which, what
63%
vīta, -ae (f.) life
62%
omnis -e all, every, as a whole
61%
videō, vidēre, vīdī, vīsum see
61%
bellum, -ī (n.) war
60%
mors, mortis (f.) death
59%
domus -ūs (f.) house, home
59%
tempus, -oris (n.) time
59%
urbs, urbis (f.) city
58%
noster, nostra, nostrum our
58%
sum esse fuī to be
55%
multus, -a, -um much, many
54%
dīcō, dīcere, dīxī, dictum say
54%
manus, -ūs (f.) hand; band of men
53%
ūnus, -a, -um one
53%
inter between, among/amongst; during (+ acc.)
52%
bonus, -a, -um good
52%
hic, haec, hoc this, these
52%
ad to, up to, towards (+acc)
52%
nōs, nostrum/nostrī, nōbīs, nōs we
52%
habeō, habēre, habuī, habitum have, hold
51%
veniō, venīre, vēnī, ventum come
50%
māgnus, -a, -um great
50%
tuus, -a, -um your
49%
sed but
48%
diēs, diēī (m./f.) day
48%
faciō, facere, fēcī, factum do, make
48%
meus, -a, -um my
47%
if
45%
ex, ē out of, from (+abl)
45%
locus, -ī (m.) place; loca (n. pl.) region
45%
vir, virī (m.) man
43%
pars partis (f.) part
42%
dō, dare, dedī, datum give
41%
terra -ae (f.) land
41%
volō, velle, voluī wish, be willing, want
40%
ille, illa, illud that
39%
ubi where, when
39%
ā, ab, abs from, by (+abl)
38%
rēs reī (f.) thing
38%
nunc now
36%
per through (+acc)
34%
agō, agere, ēgī, āctum drive, do, act
33%
que and
32%
alius, -a, -ud other, another
32%
animus -ī (m.) spirit, mind
32%
nec and not, nor;
31%
atque and also, and, in addition... ; (after comparative) then
30%
suus, -a, -um his own, her own, its own, its, his, hers
29%
hīc here; hinc: from here
28%
hostis, -is (m./f.) stranger, enemy
28%
eō, īre, iī/īvī, itum go
27%
iam now; already
27%
aut or
27%
quoque also, too
26%
tum or tunc then
26%
ferō, ferre, tulī, lātum bear, carry, endure
25%
quam how?; (after comparative) than
25%
etiam also, even
24%
neque and not, nor
24%
tōtus, -a, -um whole, entire
24%
ac and also, and, in addition... ; (after comparative) then
22%
arma, -ōrum (n. pl.) arms, weapons
22%
ipse, ipsa, ipsum himself, herself, itself
22%
īdem, eadem, idem the same
21%
tamen nevertheless, still, however
20%
is, ea, id he, she, it
19%
iubeō, iubēre, iussī, iussum bid, order
18%
down from, about, concerning (+abl.)
18%
aliquis, -quae, -quod some, any
18%
ut, utī as (+indic.); so that, with the result that (+ subj.)
17%
possum, posse, potuī be able
17%
iste, ista, istud that, that of yours
17%
enim for, indeed
15%
nam or namque for, indeed, really
14%
sīc in this manner, thus
14%
nūllus -a -um not any, no one
14%
tam so, so much
14%
at but, but yet
12%
petō, petere, petīvī, petītum seek, aim at
12%
magis more
11%
quisquam, quicquam/quidquam any (single) person, anyone at all
10%
an or (in questions)
8%
sui, sibi, sē/sēsē himself, herself, itself, themselves
5%
lest, that not
5%
superus, -a, -um situated above, upper
2%
No matching quizzes found
Score Distribution
Percent of People with Each Score
Percentile by Number Answered
Your Score History
You have not taken this quiz since the last reset